[Event "GMA-Open"]
[Site "Belgrade SCG"]
[Date "1988.??.??"]
[Round "?"]
[White "Gurgenidze, Bukhuti I"]
[Black "Huzman, Alexander"]
[Result "0-1"]
[WhiteElo "2365"]
[BlackElo "2490"]
[PlyCount "120"]
[EventDate "1988.12.??"]
[Source "www.chesslib.no"]
[SourceDate "2004.05.04"]

1. e4 e6 2. Nf3 d5 3. Nc3 Bb4 4. e5 b6 5. Ne2 Ba6 6. c3 Bf8 7. d4 Ne7 8. g4 c5 9. Ng3 Qc8 10. h4 Nd7 11. h5 Nc6 12. Bxa6 Qxa6 13. Qe2 Qxe2+ 14. Nxe2 Rc8 15. Bf4 cxd4 16. Nexd4 Nxd4 17. cxd4 Bb4+ 18. Bd2 Bxd2+ 19. Kxd2 Ke7 20. h6 g6 21. g5 Rc6 22. Rhc1 Rhc8 23. Rxc6 Rxc6 24. Nh2 Kd8 25. Kd3 Ke7 26. Ng4 Rc4 27. Ne3 Rc8 28. a4 a5 29. Ra3 Rc1 30. Rc3 Rg1 31. f4 Kd8 32. Ke2 Rb1 33. b3 Rb2+ 34. Nc2 Nb8 35. Kd2 Rb1 36. Na3 Rf1 37. Ke3 Kd7 38. Nb5 Nc6 39. Nd6 Ne7 40. b4 axb4 41. Rd3 Ra1 42. Nxf7 Nf5+ 43. Kd2 Rxa4 44. Kc1 Ra3 45. Rd2 Rf3 46. Ra2 Rf1+ 47. Kb2 Rf2+ 48. Kb1 Rxa2 49. Kxa2 Ke7 50. Nd6 Nxd6 51. exd6+ Kxd6 52. Kb3 Kc7 53. Kxb4 Kb8 54. Ka3 Ka7 55. Ka4 Ka6 56. Kb4 b5 57. Kc5 Ka5 58. Kd6 b4 59. Kxe6 b3 60. f5 b2 0-1

[Event "FIN-ch team 2000/01"]
[Site "?"]
[Date "2000.11.18"]
[Round "4"]
[White "Salmensuu Olli"]
[Black "Manninen Marko"]
[Result "1-0"]
[WhiteElo "2434"]
[BlackElo "2420"]
[PlyCount "72"]
[EventDate "2000.??.??"]
[Source "www.chesslib.no"]
[SourceDate "2004.05.04"]

1. e4 e6 2. Nf3 d5 3. e5 c5 4. b4 cxb4 5. a3 Nc6 6. axb4 Bxb4 7. c3 Be7 8. d4 f6 9. Bd3 fxe5 10. dxe5 Nh6 11. Bxh6 gxh6 12. Qd2 Bg5 13. Qe2 Qc7 14. O-O O-O 15. Na3 Qg7 16. Nb5 Bd7 17. Nd6 Be8 18. Nxg5 hxg5 19. Rfe1 Rb8 20. Bb5 Bg6 21. Qe3 Qh6 22. c4 Nb4 23. cxd5 Nxd5 24. Qxa7 Nf4 25. Qe3 Nd5 26. Qb3 Rxf2 27. Bd7 Bc2 28. Qg3 Rbf8 29. Ra8 Rxa8 30. Qxf2 Qg6 31. Be8 Rxe8 32. Nxe8 Qxe8 33. Qxc2 Qe7 34. Qc8+ Kg7 35. Qb8 h6 36. Kh1 b6 1-0

[Event "Helsinki Chess Circuit-A 2nd"]
[Site "Helsinki"]
[Date "2002.02.25"]
[Round "1"]
[White "Salmensuu, Olli"]
[Black "Sakalauskas, Vaidas"]
[Result "0-1"]
[WhiteElo "2428"]
[BlackElo "2424"]
[PlyCount "152"]
[EventDate "2002.02.25"]
[Source "ChessBase"]
[SourceDate "2002.03.14"]

1. e4 e6 2. Nf3 d5 3. e5 c5 4. b4 b6 5. c3 Qd7 6. a3 Ba6 7. Bxa6 Nxa6 8. d4 Ne7 9. O-O Rc8 10. Re1 cxd4 11. cxd4 Nc7 12. h4 Nf5 13. Bb2 Be7 14. g3 O-O 15. Nc3 Rfd8 16. Qd3 a6 17. Re2 Nb5 18. Nd1 Qb7 19. Nd2 Na7 20. Nc3 Rc7 21. Rb1 Rdc8 22. Ba1 Bf8 23. Ree1 Nc6 24. Ne2 Nb8 25. a4 Qc6 26. Nc3 Qd7 27. Rb3 Nc6 28. Na2 a5 29. bxa5 Nxa5 30. Rb5 Nc4 31. Nb1 Ra8 32. Nbc3 Rxa4 33. Nxa4 Qxb5 34. N2c3 Qa5 35. Rb1 Bb4 36. Qd1 Na3 37. Rc1 Rc4 38. Ne2 Bf8 39. Nb2 Rxc1 40. Qxc1 Qb5 41. Qd1 Nc4 42. Nd3 Na5 43. Bc3 Nc6 44. Ndf4 Qc4 45. Bb2 g6 46. h5 Bh6 47. hxg6 hxg6 48. Ng2 Nb4 49. g4 Qd3 50. Qf1 Ne7 51. f4 Nc2 52. Qf2 Nc6 53. Kh2 b5 54. f5 exf5 55. gxf5 Qxf5 56. Qxf5 gxf5 57. Nc3 N2xd4 58. Kg3 Nxe5 59. Nxb5 f4+ 60. Kh3 Nxb5 61. Bxe5 f3 62. Nh4 f2 63. Kg2 Be3 64. Nf5 Bc5 65. Bf6 Kh7 66. Ne7 Nc7 67. Bh4 Bxe7 68. Bxe7 Kg6 69. Kxf2 Kf5 70. Kf3 Ke5 71. Bh4 Ne6 72. Bg3+ Kd4 73. Bh4 f5 74. Ke2 Kc3 75. Bf6+ d4 76. Be5 Kc2 0-1

[Event "Toulon op 5th"]
[Site "Toulon"]
[Date "1999.11.04"]
[Round "8"]
[White "Janev, Evgeni"]
[Black "Bricard, Emmanuel"]
[Result "0-1"]
[WhiteElo "2345"]
[BlackElo "2506"]
[PlyCount "102"]
[EventDate "1999.10.??"]
[Source "ChessBase"]
[SourceDate "2000.01.11"]

1. e4 e6 2. Nf3 d5 3. Nc3 h6 4. d4 Nf6 5. e5 Ne4 6. Nxe4 dxe4 7. Ng1 c5 8. Bb5+ Bd7 9. Bxd7+ Qxd7 10. Be3 Nc6 11. Ne2 O-O-O 12. c3 cxd4 13. Bxd4 Nxd4 14. cxd4 Bb4+ 15. Kf1 Kb8 16. h4 f6 17. Qb3 Ba5 18. exf6 gxf6 19. Rd1 Bb6 20. Rh3 e5 21. Nc3 Qf5 22. Qc2 Bxd4 23. Rf3 Qe6 24. Nxe4 f5 25. Ng3 f4 26. Ne2 Bb6 27. Nc3 Qg4 28. Nd5 Qxh4 29. Qe4 Qg5 30. Rb3 Rd6 31. a4 Qg7 32. a5 Bxa5 33. Ra1 Bd8 34. Rba3 a6 35. Qb4 Qg6 36. Qc4 Rg8 37. g3 fxg3 38. Rxg3 Qe6 39. Rxg8 Qxg8 40. Rd1 Qe6 41. Qe4 Bb6 42. Ke2 Bd4 43. Nb4 Qg6 44. Qxg6 Rxg6 45. Nd3 Rb6 46. Kf3 Bxb2 47. Ke4 a5 48. Rd2 Bc3 49. Rc2 Rc6 50. Kd5 Kc7 51. Nc5 Bd4 0-1